[Event "Ogolnopolska Olimpiada Mlodziezy C-12"]
[Site "Spala"]
[Date "1899-12-30"]
[Round "8.3"]
[White "Nowak, Mikolaj"]
[Black "Pacan-milej, Kosma"]
[Result "1-0"]
[WhiteTitle "I"]
[BlackTitle "II+"]
[WhiteElo "1711"]
[BlackElo "1558"]

1. e4 c5 2. Nf3 d6 3. c3 Nf6 4. Be2 Nc6 5. d4 cxd4 6. cxd4 g6 7. O-O Bg7 8. h3
O-O 9. Nc3 a6 10. Be3 b5 11. a3 Bb7 12. b4 Rc8 13. Rc1 Nd7 14. Qd2 Re8 15. Rc2
Nb6 16. Rfc1 e6 17. Nxb5 axb5 18. Bxb5 Ne7 19. Bxe8 Qxe8 20. Rxc8 Nbxc8 21. Qc2
Qc6 22. Nd2 Qxc2 23. Rxc2 Bc6 24. f3 Kf8 25. Nb1 Ke8 26. Nc3 Kd7 27. b5 Bb7 28.
a4 Nb6 29. Bf2 d5 30. a5 Nc4 31. a6 Ba8 32. Na4 Nc8 33. Kf1 N8b6 34. Nc5+ Kc8
35. Ke2 Kb8 36. Kd3 Ka7 37. Bg3 Bf6 38. Bc7 Be7 39. e5 Na3 40. Rb2 Nac4 41. Rb4
Na4 42. Bd6 Nab2+ 43. Kc2 Bd8 44. Nd7 Nxd6 45. Rxb2 Nc4 46. Rb3 Bb6 47. Kd3 Bd8
48. g3 h5 49. f4 Bc7 50. Rb1 Bd8 51. g4 hxg4 52. hxg4 Nb6 53. Nxb6 Bxb6 54. Rh1
1-0

[Event "Ogolnopolska Olimpiada Mlodziezy C-12"]
[Site "Spala"]
[Date "1899-12-30"]
[Round "8.4"]
[White "Szpar, Milosz"]
[Black "Psyk, Radoslaw"]
[Result "0-1"]
[WhiteTitle "I"]
[BlackTitle "I+"]
[WhiteElo "1798"]
[BlackElo "1845"]

1. e4 e6 2. d4 d5 3. Nc3 dxe4 4. Nxe4 Nd7 5. Nf3 Ngf6 6. Bd3 Be7 7. O-O O-O 8.
Re1 b6 9. Bg5 Bb7 10. Qd2 Nxe4 11. Bxe4 Bxe4 12. Rxe4 Bxg5 13. Nxg5 Nf6 14. Re3
Re8 15. Rd1 Qd5 16. Ra3 a5 17. Rc3 h6 18. Nxf7 Kxf7 19. Rxc7+ Kg8 20. Qf4 Rac8
21. c4 Qf5 22. Qxf5 exf5 23. Rxc8 Rxc8 24. b3 Kf7 25. f3 Ke6 26. Rd2 a4 27. Re2+
Kd6 28. Re5 axb3 29. axb3 g6 30. Rb5 Nd7 31. Rb4 Ra8 32. Ra4 Rxa4 33. bxa4 Kc6
34. Kf2 Nc5 35. dxc5 Kxc5 36. Ke3 Kxc4 37. Kf4 Kb4 38. h4 Kxa4 39. h5 gxh5 40.
Kxf5 b5 41. f4 b4 42. Ke6 b3 43. f5 b2 44. f6 b1=Q 45. f7 Qb4 46. Kd5 0-1

[Event "Ogolnopolska Olimpiada Mlodziezy C-12"]
[Site "Spala"]
[Date "1899-12-30"]
[Round "8.5"]
[White "Kozlowski, Pawel"]
[Black "Mike, Patryk"]
[Result "0-1"]
[WhiteTitle "II"]
[BlackTitle "II+"]
[WhiteElo "1577"]
[BlackElo "1463"]

1. e3 d5 2. f4 Nf6 3. Nf3 g6 4. d4 Bg7 5. Bd3 O-O 6. O-O b6 7. b3 Ba6 8. c4 c5
9. Nc3 e6 10. Ba3 Nbd7 11. cxd5 Bxd3 12. Qxd3 Nxd5 13. Nxd5 exd5 14. Rad1 Re8
15. dxc5 Nxc5 16. Bxc5 bxc5 17. Qxd5 Qxd5 18. Rxd5 Rxe3 19. Rxc5 Rxf3 20. Rxf3
Bd4+ 21. Kf1 Bxc5 22. Rc3 Bb6 23. Ke2 Rd8 24. Rd3 Rxd3 25. Kxd3 Kf8 26. Ke4 Ke7
27. h3 f5+ 28. Kd3 Kd6 29. g4 Kd5 30. b4 Bc7 31. gxf5 gxf5 32. a4 Bxf4 33. h4
h5 34. Kc3 Bc7 35. Kd3 f4 36. a5 a6 37. Ke2 Kc4 38. Kf3 Kxb4 39. Ke4 Kxa5 40.
Kf3 Kb4 41. Kf2 a5 42. Kf3 a4 43. Kf2 a3 44. Kf3 a2 45. Kf2 a1=Q 46. Kf3 Qc3+
47. Kf2 Qe3+ 48. Kg2 Qg3+ 49. Kh1 Qe1+ 50. Kg2 Qe3 51. Kf1 Qd2 52. Kg1 f3 53.
Kh1 Qg2# 0-1

[Event "Ogolnopolska Olimpiada Mlodziezy C-12"]
[Site "Spala"]
[Date "1899-12-30"]
[Round "8.6"]
[White "Pytel, Maciej"]
[Black "Pultorak, Jan"]
[Result "1-0"]
[WhiteTitle "I"]
[BlackTitle "I"]
[WhiteElo "1646"]
[BlackElo "1965"]

1. e4 c5 2. Nf3 d6 3. d4 cxd4 4. Nxd4 Nf6 5. Nc3 a6 6. Bg5 Nbd7 7. Qd2 e6 8. O-O-O
Qc7 9. Kb1 b5 10. f3 Bb7 11. a3 O-O-O 12. Be3 Ne5 13. Ncxb5 axb5 14. Nxb5 Qd7
15. Qc3+ Nc6 16. Na7+ Kb8 17. Bb5 Rc8 18. Nxc8 Qxc8 19. Bxc6 Qxc6 20. Qa5 Be7
21. Ba7+ Kc8 22. Rd3 Kd7 23. Rc3 Bd8 24. Qb4 Qa6 25. Qd4 e5 26. Qf2 Be7 27. Rd1
Rc8 28. Rxc8 Bxc8 29. Bc5 Ke8 30. Bb4 Be6 31. Qd2 d5 32. Bxe7 Kxe7 33. Qb4+ Ke8
34. Qb8+ Ke7 35. Qc7+ Ke8 36. Rd3 Qc4 37. Qb8+ Ke7 38. b3 Qc6 39. exd5 Nxd5 40.
Qxe5 f6 41. Qd4 Qc7 42. Kb2 Kf7 43. g3 Ne7 44. Qd6 Qb7 45. Rc3 Nd5 46. Rc6 Qe7
47. Qxe7+ Kxe7 48. c4 Ne3 49. Kc3 Nf1 50. a4 Nxh2 51. a5 Bd7 52. Rb6 Nxf3 53.
a6 Bf5 54. Rb7+ 1-0

[Event "Ogolnopolska Olimpiada Mlodziezy C-12"]
[Site "Spala"]
[Date "1899-12-30"]
[Round "8.7"]
[White "Dabrowski, Damian"]
[Black "Pniaczek, Marek"]
[Result "0-1"]
[WhiteTitle "II+"]
[BlackTitle "II"]
[WhiteElo "1627"]
[BlackElo "1527"]

1. e4 e5 2. f4 exf4 3. Bc4 Nf6 4. e5 d5 5. exf6 dxc4 6. Qe2+ Be6 7. fxg7 Bxg7 8.
Nf3 Nc6 9. O-O Nd4 10. Nxd4 Qxd4+ 11. Kh1 O-O-O 12. Nc3 Bf5 13. g3 Rhe8 14. Qf3
Bd7 15. d3 cxd3 16. cxd3 Bc6 17. Ne4 Rxe4 18. Qg4+ Re6+ 19. Rf3 Bxf3+ 20. Qxf3
Re1+ 21. Kg2 Qg1+ 22. Kh3 Qf1+ 23. Kg4 h5+ 24. Kxf4 Bh6+ 25. Kf5 Qxf3+ 26. Bf4
Qg4+ 27. Kf6 Qg6# 0-1

[Event "Ogolnopolska Olimpiada Mlodziezy C-12"]
[Site "Spala"]
[Date "1899-12-30"]
[Round "8.8"]
[White "Mis, Mieszko"]
[Black "Wierzbicki, Michal"]
[Result "0-1"]
[WhiteTitle "I"]
[BlackTitle "II"]
[WhiteElo "1619"]
[BlackElo "1438"]

1. e4 e6 2. d4 d5 3. Nc3 Nf6 4. Bg5 Be7 5. e5 Nfd7 6. Bxe7 Qxe7 7. f4 a6 8. Nf3
c5 9. Be2 Nc6 10. Qd2 O-O 11. Rd1 b5 12. a3 Bb7 13. O-O Rac8 14. Kh1 cxd4 15.
Nxd4 Qc5 16. Nb3 Qb6 17. Bd3 Ne7 18. Rf3 Rfd8 19. Rh3 Nf8 20. Rf1 Bc6 21. Qe1
Nf5 22. Nd2 a5 23. Nf3 b4 24. axb4 axb4 25. Nd1 Qb7 26. Ne3 Nxe3 27. Qxe3 d4 28.
Qf2 Be4 29. Qe2 Bf5 30. Rh4 Ng6 31. Kg1 Nxh4 32. Nxh4 Bxd3 33. Qxd3 Qc6 34. Rf2
Qc4 35. Rd2 Qxd3 36. cxd3 b3 37. Nf3 Kf8 38. Kf2 Ke7 39. Ng5 h6 40. Ne4 Rc2 41.
Kf3 Rdc8 42. h4 R8c6 43. Ke2 Kd7 44. g4 Kc7 45. h5 Kb6 46. g5 Kb5 47. Nd6+ Rxd6
48. exd6 Rxd2+ 49. Kxd2 Kc6 50. Ke2 Kxd6 51. Kf3 Kd5 52. Kg4 f6 53. gxh6 gxh6
54. f5 e5 55. Kf3 e4+ 0-1

[Event "Ogolnopolska Olimpiada Mlodziezy C-12"]
[Site "Spala"]
[Date "1899-12-30"]
[Round "8.9"]
[White "Poziomkowski, Szymon"]
[Black "Kopaczewski, Adam"]
[Result "1/2-1/2"]
[WhiteTitle "II+"]
[BlackTitle "II+"]
[WhiteElo "1431"]
[BlackElo "1575"]

1. e4 e5 2. Nf3 Nc6 3. Nc3 Nf6 4. d4 exd4 5. Nxd4 Bb4 6. Nxc6 Bxc3+ 7. bxc3 bxc6
8. Bd3 Qe7 9. O-O O-O 10. a4 d6 11. Ba3 Bd7 12. Re1 Qe5 13. Qd2 Rfe8 14. f4 Qa5
15. Kh1 Rad8 16. Bb4 Qh5 17. c4 Re6 18. Be2 Qh4 19. Bf3 Rde8 20. g3 Qh3 21. f5
R6e7 22. Qf4 Qh6 23. Qxh6 gxh6 24. Bd2 Nxe4 25. Bxe4 Rxe4 26. Rxe4 Rxe4 27. Bxh6
Bxf5 28. Rb1 f6 29. Rb7 Rxc4 30. Rxc7 Bxc2 31. Rg7+ Kh8 32. Rd7 Rg4 33. Rd8+ Rg8
34. Rxd6 Bxa4 35. Rxf6 Bb5 36. Kg1 Re8 37. Kf2 a5 38. h4 a4 39. Rf3 Bc4 40. Rf4
Bb3 41. Rg4 Re7 42. Bc1 h5 43. Rg5 Bd1 1/2-1/2

[Event "Ogolnopolska Olimpiada Mlodziezy C-12"]
[Site "Spala"]
[Date "1899-12-30"]
[Round "8.10"]
[White "Strzelecki, Maciej"]
[Black "Kawaler, Adam"]
[Result "1-0"]
[WhiteTitle "II"]
[BlackTitle "I"]
[WhiteElo "1526"]
[BlackElo "1647"]

1. e4 c5 2. Nf3 Nc6 3. d4 cxd4 4. Nxd4 g6 5. Be3 Nf6 6. Nc3 Bg7 7. f3 O-O 8. Qd2
d6 9. O-O-O a6 10. Bc4 Qc7 11. Bb3 Bd7 12. g4 Nxd4 13. Bxd4 Bc6 14. h4 b5 15.
h5 e5 16. Be3 Rfd8 17. hxg6 hxg6 18. Bh6 Nd7 19. Bxg7 Kxg7 20. Qh6+ Kf6 21. Qh4+
g5 22. Qh6+ Ke7 23. Qxg5+ Ke8 24. Bxf7+ 1-0

[Event "Ogolnopolska Olimpiada Mlodziezy C-12"]
[Site "Spala"]
[Date "1899-12-30"]
[Round "8.11"]
[White "Posluszny, Tomasz"]
[Black "Szczurek, Krzysztof"]
[Result "1-0"]
[WhiteTitle "II"]
[BlackTitle "I"]
[WhiteElo "1451"]
[BlackElo "1775"]

1. d4 d6 2. c4 e5 3. dxe5 dxe5 4. Qxd8+ Kxd8 5. Nc3 Be6 6. e4 c6 7. Nf3 f6 8. Be3
Kc7 9. Nd2 Nd7 10. f3 Bb4 11. Rc1 b6 12. a3 Be7 13. Be2 h5 14. h4 g5 15. g3 a5
16. Kf2 Rf8 17. Kg2 Rf7 18. Rcf1 Rg7 19. Kf2 gxh4 20. gxh4 f5 21. exf5 Bxf5 22.
Nde4 Ngf6 23. Ng5 Nh7 24. Nce4 Bxe4 25. Ne6+ Kb7 26. Nxg7 Bg6 27. Ne6 Bf7 28.
Ng5 Nxg5 29. Bxg5 Bxg5 30. hxg5 Bg6 31. Rd1 Nc5 32. Rd6 Rg8 33. b4 Nb3 34. Bd3
Be8 35. Rg1 Nd4 36. Rh6 Rf8 37. Be4 Bf7 38. Rf6 h4 39. g6 h3 40. Rxf7+ Rxf7 41.
gxf7 h2 42. Rh1 Ne6 43. Rxh2 Nf8 44. Rh8 1-0

[Event "Ogolnopolska Olimpiada Mlodziezy C-12"]
[Site "Spala"]
[Date "1899-12-30"]
[Round "8.12"]
[White "Wegrzyniak, Pawel"]
[Black "Golecki, Jan"]
[Result "1-0"]
[WhiteTitle "II+"]
[BlackTitle "II"]
[WhiteElo "1472"]
[BlackElo "1555"]

1. e4 c5 2. Nf3 d6 3. d4 cxd4 4. Nxd4 Nf6 5. Nc3 a6 6. Be2 e6 7. O-O Be7 8. Kh1
O-O 9. f4 Nc6 10. Be3 Qc7 11. a3 Bd7 12. Qd2 Nxd4 13. Bxd4 Bc6 14. Bf3 Rad8 15.
Qf2 Qb8 16. Qg3 b5 17. Bxf6 Bxf6 18. e5 dxe5 19. Bxc6 exf4 20. Qxf4 Be5 21. Qh4
Rd4 22. Qh3 Rc8 23. Be4 f5 24. Bd3 b4 25. Bxa6 g5 26. Qh6 Re8 27. Ne2 Bg7 28.
Qxg5 Rg4 29. Qh5 Bxb2 30. h3 Rg7 31. axb4 Bxa1 32. Rxa1 Ree7 33. Bc4 Qxb4 34.
Ra8+ 1-0

[Event "Ogolnopolska Olimpiada Mlodziezy C-12"]
[Site "Spala"]
[Date "1899-12-30"]
[Round "8.13"]
[White "Lipiak, Mateusz"]
[Black "Majocha, Piotr"]
[Result "1-0"]
[WhiteTitle "I"]
[BlackTitle "II"]
[WhiteElo "1489"]
[BlackElo "1462"]

1. e4 e6 2. d4 d5 3. Nd2 Nf6 4. e5 Nfd7 5. f4 c5 6. c3 Nc6 7. Ndf3 Qb6 8. g3 f5
9. Ne2 a5 10. Bh3 Be7 11. O-O O-O 12. g4 fxg4 13. Bxg4 Ndb8 14. Kh1 Kh8 15. Rg1
Na6 16. Qf1 cxd4 17. cxd4 Nab4 18. Qd1 Bd7 19. a3 Na6 20. Nc3 Nc7 21. Rg2 Qa7
22. Be3 b5 23. Ne2 Qb6 24. b3 Be8 25. Ng3 Bg6 26. Qg1 Nd8 27. Bh5 Bxh5 28. Nxh5
g6 29. Rxg6 Nf7 30. Rg7 Rg8 31. Qg2 Nh6 32. Rg1 Qb8 33. Qh3 Rxg7 34. Nxg7 Nf7
35. Nxe6 Nxe6 36. Qxe6 Qe8 37. f5 Bxa3 38. Qf6# 1-0

[Event "Ogolnopolska Olimpiada Mlodziezy C-12"]
[Site "Spala"]
[Date "1899-12-30"]
[Round "8.15"]
[White "Polczyk, Mikolaj"]
[Black "Wloch, Mikolaj"]
[Result "0-1"]
[WhiteTitle "II+"]
[BlackTitle "II"]
[WhiteElo "1594"]
[BlackElo "1455"]

1. e4 c5 2. c3 Nc6 3. d4 cxd4 4. cxd4 Nf6 5. Nc3 d6 6. Nf3 a6 7. Be2 g6 8. O-O
Bg7 9. h3 O-O 10. d5 Nb8 11. Be3 Nbd7 12. Nd2 b6 13. f4 Nc5 14. Rc1 Bb7 15. b4
Ncd7 16. Nf3 Rc8 17. Qd2 Nh5 18. Bd3 Ng3 19. Rfe1 f5 20. Ng5 Bxc3 21. Rxc3 Rxc3
22. Qxc3 Qc8 23. Qd4 fxe4 24. Ne6 Nf5 25. Qb2 exd3 26. Rc1 Qe8 27. g4 Bxd5 28.
gxf5 Bxe6 29. fxe6 Nf6 30. Qd4 Qa4 31. Qxd3 Qxa2 32. Rd1 Qxe6 33. Bxb6 Qe4 34.
Qb3+ Kg7 35. Bf2 Qxf4 36. Qc3 Kg8 37. Re1 Nd5 38. Qb2 Qg5+ 39. Kh1 Qf5 40. Qb3
Qf3+ 0-1

[Event "Ogolnopolska Olimpiada Mlodziezy C-12"]
[Site "Spala"]
[Date "1899-12-30"]
[Round "8.16"]
[White "Janczak, Dominik"]
[Black "Zolkiewski, Jakub"]
[Result "1/2-1/2"]
[WhiteTitle "II"]
[BlackTitle "II"]
[WhiteElo "1336"]
[BlackElo "1504"]

1. e4 e6 2. d4 d5 3. exd5 exd5 4. Bd3 Nf6 5. Nf3 Bd6 6. O-O O-O 7. Bg5 Nbd7 8.
Nbd2 c6 9. c3 Qc7 10. Qc2 h6 11. Bh4 b6 12. Rfe1 Bb7 13. Re2 Rae8 14. Rae1 Qb8
15. Rxe8 Rxe8 16. Rxe8+ Qxe8 17. Qd1 Qe6 18. Qe2 Qxe2 19. Bxe2 Bf4 20. Kf1 Ne4
21. Nb3 f5 22. Bg3 Bxg3 23. hxg3 g5 24. Nfd2 Ndf6 25. Nxe4 Nxe4 26. g4 Bc8 27.
gxf5 Bxf5 28. Ba6 h5 29. Ke2 h4 30. Nd2 Nxd2 31. Kxd2 b5 32. f3 g4 33. fxg4 Bxg4
34. b3 Bf3 35. Bc8 Bxg2 36. Ke2 Kf7 37. Kf2 h3 38. Kg3 Kf6 39. Bd7 a5 40. b4 axb4
41. cxb4 Bf1 42. Bxc6 Ke6 43. a4 bxa4 44. Bxa4 Kd6 45. Bb3 Ke5 1/2-1/2

[Event "Ogolnopolska Olimpiada Mlodziezy C-12"]
[Site "Spala"]
[Date "1899-12-30"]
[Round "8.17"]
[White "Twardowski, Hubert"]
[Black "Manka, Mateusz"]
[Result "1-0"]
[WhiteTitle "II"]
[BlackTitle "II"]
[WhiteElo "1450"]
[BlackElo "1460"]

1. e4 c5 2. Nf3 d6 3. d4 cxd4 4. Nxd4 Nf6 5. Nc3 a6 6. f3 e5 7. Nb3 Be7 8. Be3
Be6 9. Qd2 O-O 10. O-O-O Nbd7 11. g4 Qc7 12. Nd5 Bxd5 13. exd5 b5 14. h4 a5 15.
Kb1 b4 16. Bb5 Nb6 17. Bxb6 Qxb6 18. Ba4 Ra7 19. h5 Qc7 20. g5 Nd7 21. Rdg1 Nb6
22. Bc6 a4 23. Nc1 b3 24. g6 h6 25. gxf7+ Kh8 26. Rxg7 Kxg7 27. Rg1+ Bg5 28. Rxg5+
Kxf7 29. Rf5+ Ke7 30. Qxh6 Rxf5 31. Qe6+ Kf8 32. Qe8+ Kg7 33. Qg6+ Kh8 34. Qe8+
Rf8 35. Qxf8+ Kh7 36. Qf5+ Kg8 37. Qg5+ Qg7 38. Qd8+ Kh7 39. Qxb6 bxc2+ 40. Kxc2
a3 41. Kb1 axb2 42. Qxb2 Kh6 43. Qd2+ Kh7 44. Nb3 Qg1+ 45. Kb2 Rg7 46. Qc2+ Rg6
47. Qxg6+ Qxg6 48. hxg6+ Kg7 1-0

[Event "Ogolnopolska Olimpiada Mlodziezy C-12"]
[Site "Spala"]
[Date "1899-12-30"]
[Round "8.18"]
[White "Pijewski, Milosz"]
[Black "Bujalski, Mateusz"]
[Result "1/2-1/2"]
[WhiteTitle "II"]
[BlackTitle "II"]
[WhiteElo "1572"]
[BlackElo "1474"]

1. e4 c5 2. Nf3 Nc6 3. d4 cxd4 4. Nxd4 Nf6 5. Nc3 e6 6. Ndb5 Bb4 7. a3 Ba5 8. Nd6+
Ke7 9. Nxc8+ Rxc8 10. Bd3 Re8 11. O-O Kf8 12. Bd2 Bb6 13. Bg5 h6 14. Bh4 a6 15.
Kh1 e5 16. Nd5 g5 17. Bg3 Kg7 18. c3 d6 19. Bc2 Nxd5 20. Qxd5 Ne7 21. Qd3 Ng6
22. Rad1 Bc7 23. Qd5 b6 24. Rfe1 Qe7 25. Bd3 a5 26. Be2 Qe6 27. Qxe6 fxe6 28.
Bb5 Re7 29. b4 h5 30. f3 Nf4 31. Bf2 d5 32. g3 Nh3 33. Be3 dxe4 34. fxe4 Rd8 35.
Rxd8 Bxd8 36. Kg2 g4 37. Rd1 Bc7 38. c4 axb4 39. axb4 Kg6 40. Rd7 Rxd7 41. Bxd7
Kf6 42. Be8 Ng5 43. Bxg5+ Kxg5 44. Bf7 Bd6 45. b5 Bc5 46. Bxe6 1/2-1/2

[Event "Ogolnopolska Olimpiada Mlodziezy C-12"]
[Site "Spala"]
[Date "1899-12-30"]
[Round "8.19"]
[White "Maciejewski, Kamil"]
[Black "Paliwoda, Borys"]
[Result "0-1"]
[WhiteTitle "II+"]
[BlackTitle "II"]
[WhiteElo "1384"]
[BlackElo "1499"]

1. e4 c5 2. Nf3 e6 3. d4 cxd4 4. Nxd4 Qb6 5. Nb3 a6 6. Be3 Qc7 7. Bd3 d6 8. O-O
b5 9. a4 b4 10. N1d2 Nd7 11. Nc4 a5 12. Qe2 Be7 13. f4 Ngf6 14. Nd4 Nc5 15. Nb5
Qc6 16. Bxc5 Qxc5+ 17. Qf2 O-O 18. Qxc5 dxc5 19. Nb6 Rb8 20. Nxc8 Rbxc8 21. b3
Nd7 22. Rad1 Nb6 23. Be2 Rfd8 24. Na7 Rxd1 25. Rxd1 Rc7 26. Nb5 Rd7 27. Rxd7 Nxd7
28. Na7 Bd8 29. Nc6 Bb6 30. Kf1 Kf8 31. Ke1 Bc7 32. g3 Nb8 33. Nxb8 Bxb8 34. Kd2
Ke7 35. Kd3 Kd6 36. e5+ Kc6 37. Bf3+ Kb6 38. Ke4 Kc7 39. f5 exf5+ 40. Kxf5 Kd7
41. Bd5 Ke7 42. e6 fxe6+ 43. Bxe6 g6+ 44. Kg5 Kxe6 45. Kh6 Kf5 46. Kxh7 g5 47.
Kh6 Kg4 48. Kg6 Bc7 49. h3+ Kxh3 50. Kxg5 Kxg3 51. Kf5 Kf3 52. Ke6 Ke3 53. Kd5
Kd2 54. Kxc5 Kxc2 55. Kc4 Bd8 56. Kc5 Kxb3 57. Kb5 Kc3 58. Kc6 b3 59. Kd7 b2 60.
Kxd8 b1=Q 61. Kc7 Qg6 62. Kb7 Kc4 63. Kc7 Kc5 64. Kd7 Qf7+ 65. Kc8 Kc6 66. Kb8
Qb7# 0-1

[Event "Ogolnopolska Olimpiada Mlodziezy C-12"]
[Site "Spala"]
[Date "1899-12-30"]
[Round "8.20"]
[White "Wilk, Radoslaw"]
[Black "Gozdzicki, Maciej"]
[Result "0-1"]
[WhiteTitle "II"]
[BlackTitle "II"]
[WhiteElo "1422"]
[BlackElo "1373"]

1. d4 Nf6 2. Nf3 g6 3. Bg5 Bg7 4. c3 O-O 5. Nbd2 d6 6. e3 c5 7. Bd3 b6 8. dxc5
bxc5 9. Nf1 Nbd7 10. h4 Rb8 11. b3 Qa5 12. Qc2 Nd5 13. e4 Bxc3+ 14. Bd2 Bxd2+
15. Qxd2 Qxd2+ 16. N1xd2 Nf4 17. Bf1 Bb7 18. g3 Nh5 19. Bd3 Rfd8 20. O-O Ne5 21.
Bc4 Nxf3+ 22. Nxf3 Bxe4 23. Ng5 d5 24. Rfe1 Nf6 25. Nxe4 dxe4 26. Rad1 e6 27.
Kf1 Nd5 28. Rc1 Nf6 29. Rcd1 Kf8 30. Kg1 Ke7 31. Kf1 Rxd1 32. Rxd1 Rd8 33. Rxd8
Kxd8 34. Ke2 Nd5 35. a4 Ke7 36. Kd2 f5 37. Ke2 h6 38. Kd2 Nf6 39. Ke3 Ng4+ 40.
Ke2 g5 41. hxg5 hxg5 42. f3 exf3+ 43. Kxf3 Ne5+ 44. Ke3 Nxc4+ 45. bxc4 a5 46.
g4 Kf6 47. Kf3 Ke5 0-1

[Event "Ogolnopolska Olimpiada Mlodziezy C-12"]
[Site "Spala"]
[Date "1899-12-30"]
[Round "8.22"]
[White "Ciesielski, Maciej"]
[Black "Frydrych, Lukasz"]
[Result "1-0"]
[WhiteTitle "II"]
[BlackTitle "II"]
[WhiteElo "1201"]
[BlackElo "1493"]

1. e4 c6 2. d4 d5 3. e5 Bf5 4. Nf3 h6 5. Nc3 e6 6. Be3 Nd7 7. Be2 c5 8. O-O c4
9. Qd2 Ne7 10. b3 cxb3 11. cxb3 Nc6 12. Rac1 Ba3 13. Ra1 O-O 14. Bb5 Qb6 15. Bxc6
Qxc6 16. Ne2 Qa6 17. Ng3 Bh7 18. Rad1 Rfc8 19. Bxh6 gxh6 20. Qxh6 Bf8 21. Qg5+
Kh8 22. Nh5 Qxa2 23. Nf6 Nxf6 24. Qxf6+ Kg8 25. Ng5 Bg6 26. Nxe6 Rc6 27. f4 Rxe6
28. Qg5 Be7 29. Qg3 Qc2 30. f5 Rb6 31. fxg6 Rxg6 32. Qf3 Kh8 33. Rc1 Qe4 34. Qxe4
dxe4 35. Rxf7 Bg5 36. Re1 e3 37. d5 Rd8 38. e6 Rxd5 39. e7 Rg8 40. h4 Bxh4 41.
Rxe3 Bxe7 42. Rexe7 Rd2 43. Rh7# 1-0

[Event "Ogolnopolska Olimpiada Mlodziezy C-12"]
[Site "Spala"]
[Date "1899-12-30"]
[Round "8.23"]
[White "Fus, Jakub"]
[Black "Frank, Mateusz"]
[Result "1-0"]
[WhiteTitle "II"]
[BlackTitle "II"]
[WhiteElo "1429"]
[BlackElo "1329"]

1. d4 d5 2. c4 e6 3. Nc3 Nf6 4. Bg5 Nbd7 5. e3 Be7 6. Nf3 O-O 7. Rc1 b6 8. cxd5
exd5 9. Bd3 Bb7 10. O-O h6 11. Bxf6 Nxf6 12. Qc2 c5 13. Rfd1 Rc8 14. Qe2 Bd6 15.
Bb1 Qe7 16. Re1 Rfe8 17. h3 Rcd8 18. Rcd1 Bb8 19. Qc2 Qc7 20. g3 g6 21. Ne2 Qe7
22. Kg2 Ne4 23. Nc3 Nxc3 24. Qxc3 c4 25. a3 Bc6 26. Bc2 Bd6 27. b4 Bd7 28. Rb1
Qf6 29. Ng1 h5 30. Rf1 Bf5 31. Rbc1 Bxc2 32. Qxc2 b5 33. Qc3 Qe6 34. Qc2 Ra8 35.
Ne2 a5 36. Rb1 axb4 37. axb4 Ra4 38. Nc3 Rxb4 39. Nxb5 Rb8 40. Nxd6 Qxd6 41. Rxb4
Qxb4 42. Rc1 Qa3 43. Qc3 Rb3 44. Qa1 Qb4 45. Qa8+ Kg7 46. Qxd5 Rc3 47. Ra1 Rxe3
48. Ra7 Re6 49. Qxe6 1-0

[Event "Ogolnopolska Olimpiada Mlodziezy C-12"]
[Site "Spala"]
[Date "1899-12-30"]
[Round "9.1"]
[White "Teclaf, Pawel"]
[Black "Nowak, Mikolaj"]
[Result "0-1"]
[WhiteTitle "CM"]
[BlackTitle "I"]
[WhiteElo "1917"]
[BlackElo "1711"]

1. d4 Nf6 2. Nf3 d5 3. c4 e6 4. Nc3 Be7 5. Bg5 O-O 6. Bxf6 Bxf6 7. e4 dxe4 8. Nxe4
b6 9. Be2 Bb7 10. Qd3 Nc6 11. Nxf6+ Qxf6 12. Qc3 Rad8 13. Rd1 Rd7 14. Bd3 Nxd4
15. Nxd4 Rfd8 16. Nb5 Qxc3+ 17. Nxc3 Rxd3 18. Ke2 Rxd1 19. Rxd1 Rxd1 20. Kxd1
a6 21. g3 Kf8 22. f4 Ke7 23. Kd2 Kd6 24. Ne2 e5 25. fxe5+ Kxe5 26. Ke3 c5 27.
Nc3 Bc6 28. a3 a5 29. Na2 a4 30. Nc3 g5 31. Ne2 f5 32. h4 h6 33. hxg5 hxg5 34.
Nc3 f4+ 35. gxf4+ gxf4+ 36. Kd3 Kf5 37. Ke2 Kf6 38. Kd2 Kf5 39. Ke2 f3+ 40. Ke3
Kg4 41. Nd1 Kg3 42. Nf2 Bd7 43. Ne4+ Kg2 44. Nf2 Be6 45. Ne4 Bxc4 46. Nf2 b5 47.
Ne4 Bd5 48. Nf2 b4 49. Nd3 Bc6 50. Nf2 c4 51. Nd1 c3 52. bxc3 bxa3 53. Kd2 a2
54. Ne3+ Kg1 55. Nc2 f2 0-1

[Event "Ogolnopolska Olimpiada Mlodziezy C-12"]
[Site "Spala"]
[Date "1899-12-30"]
[Round "9.2"]
[White "Psyk, Radoslaw"]
[Black "Lis, Mateusz"]
[Result "1-0"]
[WhiteTitle "I+"]
[BlackTitle "I"]
[WhiteElo "1845"]
[BlackElo "1846"]

1. e4 c5 2. c3 Nf6 3. e5 Nd5 4. d4 cxd4 5. Nf3 Nc6 6. Bc4 e6 7. cxd4 d6 8. O-O
Be7 9. Nbd2 Nb6 10. exd6 Bxd6 11. Bb3 O-O 12. Ne4 a5 13. a3 h6 14. Qd3 f5 15.
Ng3 Bxg3 16. hxg3 Nd5 17. Re1 a4 18. Ba2 b6 19. Bf4 Ra7 20. Rac1 Na5 21. Qe2 g5
22. Bd2 Rg7 23. Bb4 Nxb4 24. Bxe6+ Bxe6 25. Qxe6+ Kh7 26. axb4 Nb3 27. Rc6 Nxd4
28. Qxh6+ Kg8 29. Rxb6 Nxf3+ 30. gxf3 f4 31. Rg6 Rff7 32. Rxg7+ Rxg7 33. Qe6+
Kh7 34. Kg2 Kh8 35. Rc1 Qd7 36. Rh1+ 1-0

[Event "Ogolnopolska Olimpiada Mlodziezy C-12"]
[Site "Spala"]
[Date "1899-12-30"]
[Round "9.3"]
[White "Mike, Patryk"]
[Black "Kosakowski, Jakub"]
[Result "0-1"]
[WhiteTitle "II+"]
[BlackTitle "I+"]
[WhiteElo "1463"]
[BlackElo "1953"]

1. c4 e5 2. g3 Nf6 3. Bg2 d5 4. cxd5 Nxd5 5. Nf3 Nc6 6. O-O Be7 7. d4 e4 8. Ne5
f5 9. Nxc6 bxc6 10. Qc2 Qd6 11. Nd2 Bf6 12. e3 Ba6 13. Rd1 Bd3 14. Qc5 Qxc5 15.
dxc5 Be7 16. Nb3 Bc2 17. Re1 Bxb3 18. axb3 Bxc5 19. Bd2 Kd7 20. Rac1 Bd6 21. Bc3
Rhg8 22. Kf1 Rab8 23. Ra1 Nxc3 24. bxc3 Rxb3 25. Rxa7 Rxc3 26. Ra2 Rb8 27. Ke2
Rcb3 28. Rd1 Rb2+ 29. Rxb2 Rxb2+ 30. Rd2 Rb1 31. Rd1 Rb4 32. h3 Ke6 33. Bf1 g5
34. Rd2 h6 35. Rc2 Rb1 36. Bg2 c5 37. f4 exf3+ 38. Kxf3 Rb3 39. Bf1 Kf6 40. Kf2
Rb1 41. Bc4 h5 42. Bd5 Rb4 43. Kf3 h4 44. gxh4 Rxh4 45. Kg2 g4 46. Rf2 Rxh3 47.
e4 Rh2+ 48. Kg1 Rxf2 49. Kxf2 f4 50. Kg2 Kg5 51. Kf2 Be5 52. Bc4 f3 53. Bf1 Kf4
54. Kg1 g3 55. Bd3 Bd4+ 56. Kh1 g2+ 57. Kh2 g1=Q+ 58. Kh3 Qg3# 0-1

[Event "Ogolnopolska Olimpiada Mlodziezy C-12"]
[Site "Spala"]
[Date "1899-12-30"]
[Round "9.4"]
[White "Pniaczek, Marek"]
[Black "Kokoszczynski, Jan"]
[Result "0-1"]
[WhiteTitle "II"]
[BlackTitle "I"]
[WhiteElo "1527"]
[BlackElo "1715"]

1. e4 c6 2. d4 d5 3. exd5 cxd5 4. c4 Nf6 5. Nc3 e6 6. Nf3 Nc6 7. Be2 Be7 8. O-O
O-O 9. Be3 b6 10. b3 Bb4 11. Rc1 Bb7 12. Bg5 Ne7 13. Ne5 Bxc3 14. Bxf6 gxf6 15.
Ng4 Bb4 16. Nxf6+ Kh8 17. c5 Ng6 18. Nh5 Rc8 19. f4 f5 20. g4 Qe7 21. gxf5 exf5
22. Bd3 bxc5 0-1

[Event "Ogolnopolska Olimpiada Mlodziezy C-12"]
[Site "Spala"]
[Date "1899-12-30"]
[Round "9.5"]
[White "Pacan-milej, Kosma"]
[Black "Wierzbicki, Michal"]
[Result "1-0"]
[WhiteTitle "II+"]
[BlackTitle "II"]
[WhiteElo "1558"]
[BlackElo "1438"]

1. d4 d5 2. c4 e6 3. Nc3 Nf6 4. cxd5 exd5 5. Bg5 Be7 6. e3 c6 7. Bd3 Nbd7 8. Nf3
O-O 9. O-O Re8 10. Qc2 Nf8 11. h3 g6 12. Bf4 Ne6 13. Bh2 Ng7 14. a3 Bf5 15. b4
a6 16. Rab1 Bxd3 17. Qxd3 Bd6 18. Bxd6 Qxd6 19. a4 Ne4 20. Nd2 Nxd2 21. Qxd2 b5
22. Rfc1 Nf5 23. Ne2 Qd7 24. Qc3 Rec8 25. Nf4 Nd6 26. Nd3 Nc4 27. Nc5 Qe7 28.
Ra1 Qe8 29. Rc2 h5 30. h4 Qe7 31. g3 Ra7 32. Rca2 Rca8 33. Qc2 f5 34. Kh2 Kf7
35. Nd3 Qc7 36. Ne5+ Nxe5 37. dxe5 Ke6 38. axb5 cxb5 39. Rxa6+ Rxa6 40. Rxa6+
Rxa6 41. Qxc7 Ra4 42. Qd6+ Kf7 43. Qxd5+ Kg7 44. Qxb5 Ra7 45. e6 Re7 46. Qd7 Kf6
47. Qd4+ Kxe6 48. b5 Rd7 49. Qb6+ Rd6 50. Qa7 Rd7 51. b6 Kd6 52. b7 Kc6 53. b8=N+
Kb5 54. Qxd7+ Kc4 55. Qc6+ Kd3 56. Qd5+ Kc3 57. Nc6 Kb2 58. Na5 Kc3 59. Qc4+ Kd2
60. Nb3+ Ke1 61. Qc1+ Ke2 62. Qd2+ Kf3 63. Nc5 f4 64. exf4 g5 65. fxg5 Kg4 66.
Qf4# 1-0

[Event "Ogolnopolska Olimpiada Mlodziezy C-12"]
[Site "Spala"]
[Date "1899-12-30"]
[Round "9.6"]
[White "Kozlowski, Pawel"]
[Black "Pytel, Maciej"]
[Result "1/2-1/2"]
[WhiteTitle "II"]
[BlackTitle "I"]
[WhiteElo "1577"]
[BlackElo "1646"]

1. c3 d5 2. d4 Bg4 3. Bf4 e6 4. Qb3 b6 5. Nd2 Nf6 6. h3 Bh5 7. g4 Bg6 8. Bg2 Bd6
9. Bg5 Qd7 10. Bxf6 gxf6 11. e4 c6 12. Ne2 Na6 13. f4 f5 14. e5 Be7 15. O-O-O
Rc8 16. g5 Bh5 17. Bf3 Bxf3 18. Nxf3 c5 19. h4 c4 20. Qc2 Kd8 21. h5 Kc7 22. Rdg1
Kb8 23. Rh2 Rcg8 24. Rhg2 Qe8 25. Ng3 b5 26. h6 b4 27. Nh5 Qb5 28. Nf6 Rc8 29.
Kd2 Ka8 30. Rb1 Rb8 31. Rgg1 Qa5 32. Ra1 Nc7 33. Rgb1 Nb5 34. cxb4 Qxb4+ 35. Ke3
Rhc8 36. a4 Nxd4 37. Nxd4 c3 38. b3 Bc5 39. Rd1 Qxb3 40. Rac1 Qc4 41. Qd3 Qxa4
42. Kf3 Bxd4 43. Qxd4 Rc4 44. Qe3 d4 45. Qe2 Rb2 46. Qf1 d3 47. Kg3 d2 48. Ra1
Qb3 49. Qf3+ Qb7 50. Qd3 Qc7 51. Qf3+ Kb8 52. Qd3 c2 53. Qxd2 Rb3+ 1/2-1/2